000 00483nam a2200193Ia 4500
005 20240913130039.0
008 240913s9999||||xx |||||||||||||| ||und||
020 _a979000000000
041 _aENGLISH
082 _A617.882 P6
100 _aMoller A R
245 0 _aCochlear and Brainstem Implants
250 _a1st
260 _c2006
_bK
500 _aREFERENCE
650 _aAudiology Speech and Language Pathology
_bAllied Health Science
942 _cREF
999 _c246845
_d246845